| 000 | 00452nam a22001217a 4500 | ||
|---|---|---|---|
| 999 |
_c21329 _d21329 |
||
| 008 | 240905b ||||| |||| 00| 0 eng d | ||
| 100 |
_aDanguilan, Ramona Pattaguan. _eauthor. _960203 |
||
| 245 |
_aBanghay aralin / _cRamona Pattaguan Danguilan. |
||
| 260 |
_aPhilippines; _bPublishers Association of the Philippines, Inc., _cJune 2019. |
||
| 300 | _aVolume 168, pages 36-37. | ||
| 700 |
_aDanguilan, Ramona Pattaguan. _eauthor. _960203 |
||
| 942 |
_2ddc _cPER |
||